[Event "31st World Senior 65+"]
[Site "Citta del Mare ITA"]
[Date "2023.10.28"]
[Round "4.5"]
[White "Gruzmann, Boris"]
[Black "Legky, Nikolay A"]
[Result "0-1"]
[WhiteTitle "FM"]
[BlackTitle "GM"]
[WhiteElo "2170"]
[BlackElo "2348"]
[WhiteFideId "4105290"]
[BlackFideId "14100312"]
[EventDate "2023.10.25"]

1. e4 c6 2. d4 d5 3. e5 Bf5 4. Bd3 Bxd3 5. Qxd3 e6 6. Nf3 Ne7 7. h4 h5 8. Bg5
Qb6 9. Nc3 Nd7 10. O-O-O a6 11. Kb1 Qc7 12. Ne2 b5 13. Ng3 c5 14. c3 c4 15. Qe2
Nc6 16. Ne1 b4 17. cxb4 Qb6 18. Nc2 a5 19. b5 Qxb5 20. Nxh5 Rb8 21. Bc1 Nb6 22.
Rh3 Na4 23. Na3 Qb4 24. Ka1 c3 25. b3 Nxd4 26. Rxd4 Qxd4 27. Nb5 Qb4 28. bxa4
Rxh5 29. Rxc3 Rxh4 30. Rb3 Qc5 31. Rc3 Qb4 32. Rb3 Qc5 33. Rc3 Rc4 34. Ba3 Qc6
35. Rxc4 Qxc4 36. Qxc4 dxc4 37. Bd6 Bxd6 38. exd6 Kd7 39. Kb2 e5 40. Kc3 Rc8 41.
a3 Rc5 42. f3 f6 43. g3 Rc6 0-1

[Event "31st World Senior 65+"]
[Site "Citta del Mare ITA"]
[Date "2023.10.28"]
[Round "4.6"]
[White "Campora, Daniel H."]
[Black "Roos, Jean-Luc"]
[Result "1-0"]
[WhiteTitle "GM"]
[BlackTitle "IM"]
[WhiteElo "2343"]
[BlackElo "2156"]
[WhiteFideId "100013"]
[BlackFideId "600601"]
[EventDate "2023.10.25"]

1. b4 d5 2. Bb2 Qd6 3. a3 e5 4. e3 Nd7 5. c4 dxc4 6. Bxc4 Qg6 7. Nf3 Bd6 8. d3
Ngf6 9. O-O O-O 10. Nbd2 Re8 11. Nh4 Qg5 12. g3 Nb6 13. Bb3 Bh3 14. Re1 Rad8 15.
Qe2 Bd7 16. Qf3 Bc6 17. Ne4 Bxe4 18. dxe4 Qg4 19. Qxg4 Nxg4 20. Red1 Nf6 21. f3
g6 22. Rac1 c6 23. Kf1 Kf8 24. Ke2 Ke7 25. Ng2 Rf8 26. Ne1 Nfd7 27. Nd3 Bc7 28.
b5 c5 29. Nxc5 Nxc5 30. Rxc5 Rxd1 31. Kxd1 Bd6 32. Rc2 Nd7 33. Bd5 b6 34. h4 f6
35. f4 Nc5 36. Ke2 h6 37. Rc1 Na4 38. Ba1 Rd8 39. Rc4 Nc5 40. a4 Rc8 41. Bb2 Rc7
42. Ba3 a5 43. Bb2 Nxa4 44. Bxe5 fxe5 45. Rxa4 Rc3 46. Bc4 Ra3 47. Rxa3 Bxa3 48.
g4 Kf6 49. g5+ hxg5 50. hxg5+ Kg7 51. f5 Kf8 52. Bb3 Be7 53. f6 Bc5 54. Kd3 Ke8
55. Kc4 Bxe3 56. Kd5 Bf4 57. Kd6 Kf8 58. Ke6 Bxg5 59. Kxe5 Be3 60. Ke6 Bd4 61.
e5 g5 62. Bd1 Bc3 63. Kf5 Ke8 64. e6 1-0

[Event "31st World Senior 65+"]
[Site "Citta del Mare ITA"]
[Date "2023.10.28"]
[Round "4.7"]
[White "Smith, Robert W"]
[Black "Birnboim, Nathan"]
[Result "0-1"]
[WhiteTitle "FM"]
[BlackTitle "IM"]
[WhiteElo "2162"]
[BlackElo "2342"]
[WhiteFideId "4300190"]
[BlackFideId "2800209"]
[EventDate "2023.10.25"]

1. e4 e6 2. d4 d5 3. Nc3 Nf6 4. e5 Nfd7 5. f4 c5 6. Nf3 Nc6 7. Be3 a6 8. Qd2 b5
9. dxc5 Bxc5 10. O-O-O Qa5 11. Bxc5 Nxc5 12. Nd4 Nxd4 13. Qxd4 b4 14. Nb5 Ne4
15. Nd6+ Nxd6 16. exd6 O-O 17. f5 exf5 18. Qxd5 Qxd5 19. Rxd5 g6 20. Rd4 a5 21.
Bc4 Be6 22. Re1 Bxc4 23. Rxc4 Rfd8 24. Rd4 Ra6 25. Red1 Rc6 26. R1d2 Kg7 27. Rd5
h5 28. Rxa5 Rcxd6 29. Rxd6 Rxd6 30. a3 bxa3 31. Rxa3 Rd4 32. Rf3 Kf6 33. c3 Ra4
34. Kb1 Ke5 35. b4 Ra7 36. Kb2 f4 37. Kb3 g5 38. b5 Ra1 39. Rd3 g4 40. Rd2 Rb1+
41. Kc4 f3 42. gxf3 gxf3 43. Kc5 Ke4 44. c4 Ke3 45. Rd5 f2 46. Rf5 f1=Q 47. Rxf1
Rxf1 48. b6 Rb1 49. Kc6 f5 50. c5 f4 0-1

[Event "31st World Senior 65+"]
[Site "Citta del Mare ITA"]
[Date "2023.10.28"]
[Round "4.8"]
[White "Renman, Nils-Gustaf"]
[Black "Bergstrom, Rolf"]
[Result "0-1"]
[WhiteTitle "IM"]
[BlackTitle "FM"]
[WhiteElo "2324"]
[BlackElo "2152"]
[WhiteFideId "1700367"]
[BlackFideId "1702386"]
[EventDate "2023.10.25"]

1. d4 Nf6 2. c4 b6 3. Nc3 Bb7 4. Qc2 d5 5. cxd5 Nxd5 6. e4 Nxc3 7. bxc3 e5 8.
dxe5 Nd7 9. Nf3 Qe7 10. Bf4 O-O-O 11. Bc4 h6 12. h4 g6 13. O-O-O Bg7 14. Rhe1
Nxe5 15. Rxd8+ Rxd8 16. Nxe5 Bxe5 17. Bxe5 Qxe5 18. g3 f6 19. f4 Qc5 20. Bf7 Ba6
21. Kb2 Rd3 22. Rd1 Rxg3 23. Qb3 Bb5 24. Qe6+ Kb7 25. Qd5+ Qxd5 26. Bxd5+ Bc6
27. Bxc6+ Kxc6 28. e5 fxe5 29. fxe5 g5 30. e6 Re3 31. hxg5 hxg5 32. Rg1 Re5 33.
Rh1 Kd5 0-1

[Event "31st World Senior 65+"]
[Site "Citta del Mare ITA"]
[Date "2023.10.28"]
[Round "4.9"]
[White "Rooze, Jan"]
[Black "Meulders, Richard"]
[Result "1/2-1/2"]
[WhiteTitle "IM"]
[BlackTitle "FM"]
[WhiteElo "2245"]
[BlackElo "2134"]
[WhiteFideId "200050"]
[BlackFideId "200123"]
[EventDate "2023.10.25"]

1. Nf3 Nf6 2. c4 c5 3. Nc3 Nc6 4. g3 g6 5. Bg2 Bg7 6. O-O O-O 7. d3 d6 8. Bg5
Bg4 9. Qd2 Qd7 10. Bh6 Bh3 11. Rac1 Bxg2 12. Kxg2 b6 13. Bxg7 Kxg7 14. e4 1/2-1/2

[Event "31st World Senior 65+"]
[Site "Citta del Mare ITA"]
[Date "2023.10.28"]
[Round "4.10"]
[White "Wengholm, Anders"]
[Black "Reprintsev, Alexander"]
[Result "1/2-1/2"]
[BlackTitle "IM"]
[WhiteElo "2142"]
[BlackElo "2227"]
[WhiteFideId "1704818"]
[BlackFideId "14100541"]
[EventDate "2023.10.25"]

1. Nf3 d5 2. d4 Nc6 3. c4 e5 4. dxe5 d4 5. a3 g6 6. g3 Bg7 7. Bg2 Nge7 8. Bf4
O-O 9. Nbd2 h6 10. h4 Bg4 11. b4 d3 12. O-O Nxe5 13. Bxe5 Bxe5 14. Ra2 Bg7 15.
Nb3 dxe2 16. Qxe2 Re8 17. Qe4 Qc8 18. Rd2 Nc6 19. Qf4 a5 20. b5 Ne5 21. Nxe5
Rxe5 22. Bxb7 Qxb7 23. Qxg4 a4 24. Nd4 Rd8 25. Rfd1 Re4 26. Qf3 Bxd4 27. Qg4 1/2-1/2

[Event "31st World Senior 65+"]
[Site "Citta del Mare ITA"]
[Date "2023.10.28"]
[Round "4.11"]
[White "Furman, Boris"]
[Black "Shnaider, David"]
[Result "1/2-1/2"]
[WhiteTitle "FM"]
[WhiteElo "2134"]
[BlackElo "2224"]
[WhiteFideId "4107187"]
[BlackFideId "4106482"]
[EventDate "2023.10.25"]

1. d4 c5 2. d5 e5 3. e4 d6 4. Nc3 a6 5. a4 Be7 6. a5 Bg5 7. Bxg5 Qxg5 8. Nf3 Qd8
9. Nd2 Nd7 10. Nc4 Qc7 11. Na4 Ngf6 12. Bd3 O-O 13. O-O Rb8 14. Ra3 Ne8 15. Qd2
Ndf6 16. f4 exf4 17. Qxf4 Bd7 18. Nab6 Bb5 19. Ne3 g6 20. Rb3 Bxd3 21. cxd3 Qe7
22. Nbc4 Nd7 23. Qg3 f6 1/2-1/2

[Event "31st World Senior 65+"]
[Site "Citta del Mare ITA"]
[Date "2023.10.28"]
[Round "4.12"]
[White "Doncevic, Dario"]
[Black "Biro, Sandor"]
[Result "1-0"]
[WhiteTitle "IM"]
[BlackTitle "IM"]
[WhiteElo "2219"]
[BlackElo "2087"]
[WhiteFideId "14504553"]
[BlackFideId "1200178"]
[EventDate "2023.10.25"]

1. d4 Nf6 2. c4 g6 3. Nc3 d5 4. cxd5 Nxd5 5. Bd2 Bg7 6. e4 Nxc3 7. Bxc3 O-O 8.
h4 e5 9. d5 c6 10. Bc4 b5 11. Bb3 c5 12. a4 b4 13. Bd2 Ba6 14. Rc1 Nd7 15. h5
Rc8 16. hxg6 c4 17. Bc2 b3 18. Bb1 fxg6 19. Qg4 Rf7 20. Nf3 Qb6 21. a5 Qc5 22.
Qe6 Bb5 23. Rxh7 Nf8 24. Rxg7+ Kxg7 25. Qxe5+ Kg8 26. Bc3 Rh7 27. Ng5 Re8 28.
Qf6 Qxd5 29. Nxh7 1-0

[Event "31st World Senior 65+"]
[Site "Citta del Mare ITA"]
[Date "2023.10.28"]
[Round "4.13"]
[White "Giacomini, Hector"]
[Black "Petran, Peter"]
[Result "1/2-1/2"]
[BlackTitle "IM"]
[WhiteElo "2127"]
[BlackElo "2192"]
[WhiteFideId "605352"]
[BlackFideId "14900114"]
[EventDate "2023.10.25"]

1. Nf3 g6 2. e3 Bg7 3. d4 d6 4. c4 f5 5. Nc3 Nh6 6. Be2 O-O 7. O-O c6 8. b4 e5
9. Qc2 e4 10. Nd2 Nd7 11. f3 exf3 12. Nxf3 Nf6 13. Bd3 d5 14. Bd2 Nf7 15. cxd5
cxd5 16. Qb3 Be6 17. Rac1 a6 18. b5 Qe7 19. Ne2 axb5 20. Bb4 Nd6 21. Bxb5 Kh8
22. Nf4 Rfd8 23. Ne5 1/2-1/2

[Event "31st World Senior 65+"]
[Site "Citta del Mare ITA"]
[Date "2023.10.28"]
[Round "4.14"]
[White "Vaganian, Rafael A"]
[Black "Gueci, Salvatore Riccardo"]
[Result "1-0"]
[WhiteTitle "GM"]
[WhiteElo "2493"]
[BlackElo "2048"]
[WhiteFideId "13300016"]
[BlackFideId "800848"]
[EventDate "2023.10.25"]

1. d4 d6 2. e4 Nf6 3. Nc3 Nbd7 4. g3 e5 5. Nge2 c6 6. Bg2 Be7 7. a4 a5 8. O-O
O-O 9. h3 h6 10. b3 Re8 11. Be3 Nf8 12. Qd2 Ng6 13. Rad1 Qc7 14. f4 Bf8 15. dxe5
dxe5 16. f5 Ne7 17. g4 Kh7 18. Ng3 Neg8 19. Qf2 Qe7 20. Bf3 Nd7 21. Kg2 Qh4 22.
Rd3 Be7 23. Rfd1 Nf8 24. Bb6 Nf6 25. Qd2 N6d7 26. Bf2 Qg5 27. Nb1 Qxd2 28. Nxd2
Nc5 29. Rc3 Nfd7 30. Nc4 f6 31. Be2 b5 32. Nd6 Bxd6 33. Rxd6 b4 34. Rxc5 Nxc5
35. Bxc5 Ba6 36. Bxa6 Rxa6 37. Nf1 h5 38. Nd2 hxg4 39. hxg4 Kg8 40. Nc4 Rb8 41.
Rd7 Kh7 42. Kf3 Kg8 43. g5 fxg5 44. Kg4 Raa8 45. Be7 c5 46. Kxg5 1-0

[Event "31st World Senior 65+"]
[Site "Citta del Mare ITA"]
[Date "2023.10.28"]
[Round "4.15"]
[White "Knaak, Rainer"]
[Black "Staub, Gerhard"]
[Result "1-0"]
[WhiteTitle "GM"]
[WhiteElo "2451"]
[BlackElo "2097"]
[WhiteFideId "4611250"]
[BlackFideId "4699068"]
[EventDate "2023.10.25"]

1. Nf3 d5 2. d4 Nf6 3. c4 c6 4. e3 Bf5 5. Nc3 e6 6. Nh4 Be4 7. f3 Bg6 8. Bd2
Nbd7 9. Nxg6 hxg6 10. Qb3 Qb6 11. Qc2 dxc4 12. Bxc4 Nd5 13. O-O-O Nxc3 14. Qxc3
Nf6 15. e4 Be7 16. Kb1 O-O 17. Be3 Qb4 18. Qxb4 Bxb4 19. h4 Rfd8 20. g4 b6 21.
h5 gxh5 22. g5 Nd7 23. Rxh5 g6 24. Rh2 Bf8 25. f4 b5 26. Bb3 Re8 27. Rdh1 Bg7
28. Rc2 Rad8 29. Rxc6 Nb8 30. Rc2 Bxd4 31. Bxd4 Rxd4 32. Rch2 Kf8 33. Rh8+ 1-0

[Event "31st World Senior 65+"]
[Site "Citta del Mare ITA"]
[Date "2023.10.28"]
[Round "4.16"]
[White "Carvalho, Herbert Abreu"]
[Black "Balashov, Yuri S"]
[Result "1/2-1/2"]
[WhiteTitle "FM"]
[BlackTitle "GM"]
[WhiteElo "2091"]
[BlackElo "2390"]
[WhiteFideId "2100541"]
[BlackFideId "4100263"]
[EventDate "2023.10.25"]

1. d4 Nf6 2. Nf3 e6 3. Bf4 b6 4. e3 Bb7 5. Nbd2 c5 6. c3 Nc6 7. Bd3 Be7 8. h3
O-O 9. O-O d6 10. Qb1 g6 11. Bh2 a6 12. a4 d5 13. Ne5 Nxe5 14. Bxe5 Nd7 15. Bh2
Rc8 16. Qd1 c4 17. Bc2 b5 18. axb5 axb5 19. Qe2 Qb6 20. f4 b4 21. g4 Ra8 22. f5
Rxa1 23. Rxa1 b3 24. Bb1 exf5 25. gxf5 Bg5 26. Nf3 Bh6 27. Bf4 Bxf4 28. exf4 Nf6
29. Ne5 Bc8 30. Qg2 Ne4 31. Bxe4 dxe4 32. Nxc4 Qc7 33. Ne3 Qxf4 34. Qf2 Qh6 35.
Kh2 Bxf5 36. Nxf5 gxf5 37. Rg1+ Kh8 38. Qxf5 Qd6+ 39. Kh1 Qe7 40. Re1 e3 41.
Qe5+ Qxe5 42. dxe5 Rd8 43. Rxe3 Rd2 44. e6 fxe6 45. Rxe6 Rxb2 46. Rb6 Kg8 47.
Rb7 Kf8 48. c4 1/2-1/2

[Event "31st World Senior 65+"]
[Site "Citta del Mare ITA"]
[Date "2023.10.29"]
[Round "5.1"]
[White "Nunn, John D M"]
[Black "Moen, Ole Christian"]
[Result "1-0"]
[WhiteTitle "GM"]
[BlackTitle "FM"]
[WhiteElo "2560"]
[BlackElo "2157"]
[WhiteFideId "400017"]
[BlackFideId "1500457"]
[EventDate "2023.10.25"]

1. e4 e5 2. Nf3 Nc6 3. Bb5 a6 4. Ba4 d6 5. O-O g6 6. d4 b5 7. Bb3 Bg7 8. dxe5
dxe5 9. a4 Qxd1 10. Rxd1 b4 11. Be3 Bg4 12. Nbd2 Nd4 13. h3 Nxb3 14. cxb3 Be6
15. Ng5 Bc8 16. Rac1 h6 17. Ngf3 Nf6 18. Rxc7 O-O 19. Bc5 Rd8 20. Be7 Rd7 21.
Rxd7 Bxd7 22. Nxe5 Be6 23. Nd3 Nd7 24. Nf4 Bf8 25. Nxe6 Bxe7 26. Nc4 Ra7 27. Nd4
Rc7 28. Ne3 Bf8 29. Nd5 Rc8 30. f4 Bc5 31. Kf1 Kf8 32. e5 Nb6 33. Nxb6 Bxb6 34.
Ke2 h5 35. g4 hxg4 36. hxg4 Ke7 37. Kf3 a5 38. f5 Bxd4 39. Rxd4 gxf5 40. gxf5
Rc2 41. Rd5 Rxb2 42. Rxa5 Rxb3+ 43. Kg4 Rb1 44. Ra7+ Kf8 45. Kg5 Kg7 46. f6+ Kg8
47. Ra8+ Kh7 48. e6 Rg1+ 49. Kh4 1-0

[Event "31st World Senior 65+"]
[Site "Citta del Mare ITA"]
[Date "2023.10.29"]
[Round "5.2"]
[White "Birnboim, Nathan"]
[Black "Fernandez Garcia, Jose Luis"]
[Result "1/2-1/2"]
[WhiteTitle "IM"]
[BlackTitle "GM"]
[WhiteElo "2342"]
[BlackElo "2379"]
[WhiteFideId "2800209"]
[BlackFideId "2200023"]
[EventDate "2023.10.25"]

1. d4 d5 2. c4 e6 3. Nf3 Nf6 4. g3 Bb4+ 5. Nbd2 dxc4 6. Qc2 Nc6 7. Bg2 O-O 8.
Qxc4 Qd5 9. O-O Bxd2 10. Qxd5 exd5 11. Bxd2 Re8 12. e3 Bf5 13. Rfc1 Be4 14. Be1
Rec8 15. b4 a6 16. a4 Na7 17. Nd2 Bxg2 18. Kxg2 c6 19. f3 Re8 20. Bf2 Nc8 21. g4
h6 22. Nb3 Nd6 23. Na5 Re7 24. Bg3 Rd8 25. Kf2 Nfe8 26. h3 Re6 27. Rab1 Rd7 28.
Rc3 Rde7 29. Nb3 Nc4 30. e4 b6 31. e5 g5 32. a5 Rb7 33. axb6 Rxb6 34. Nc5 Re7
35. Ra1 Nc7 36. Kg2 Ne6 37. Nd3 Ra7 38. Ra4 Rb5 39. Rc1 Rab7 40. Rxa6 Nxd4 41.
Bf2 Ne2 42. Re1 Nf4+ 43. Nxf4 gxf4 44. Bc5 Ne3+ 45. Bxe3 fxe3 46. Rxe3 R5b6 47.
Rxb6 Rxb6 48. Rc3 Kf8 49. Rc5 Ke7 50. Kf2 Kd7 51. b5 Rxb5 52. Rxb5 cxb5 53. Ke3
Ke6 54. Kd4 b4 55. f4 f6 56. f5+ Ke7 57. e6 Kd6 58. h4 Kc6 59. Kd3 Kd6 1/2-1/2

[Event "31st World Senior 65+"]
[Site "Citta del Mare ITA"]
[Date "2023.10.29"]
[Round "5.4"]
[White "Bergstrom, Rolf"]
[Black "Campora, Daniel H."]
[Result "1/2-1/2"]
[WhiteTitle "FM"]
[BlackTitle "GM"]
[WhiteElo "2152"]
[BlackElo "2343"]
[WhiteFideId "1702386"]
[BlackFideId "100013"]
[EventDate "2023.10.25"]

1. e4 d5 2. exd5 Qxd5 3. Nc3 Qd6 4. g3 Nf6 5. Bg2 a6 6. Nf3 Nc6 7. O-O Bg4 8. h3
Bh5 9. d3 O-O-O 10. g4 Bg6 11. Nh4 e6 12. Qf3 Be7 13. Nxg6 hxg6 14. Be3 Rhf8 15.
a3 Nd5 16. Nxd5 exd5 17. c4 Ne5 18. Qxd5 Qxd5 19. cxd5 Nxd3 20. b4 Bd6 21. Rad1
Nf4 22. Bxf4 Bxf4 23. Rfe1 Rfe8 24. Kf1 Kd7 25. Re4 Rxe4 26. Bxe4 Kd6 27. Ke2 g5
28. Bg2 Be5 29. Rd3 Ra8 30. a4 Rb8 31. Kd1 Kd7 1/2-1/2

[Event "31st World Senior 65+"]
[Site "Citta del Mare ITA"]
[Date "2023.10.29"]
[Round "5.5"]
[White "Vaganian, Rafael A"]
[Black "Vatter, Hans-Joachim"]
[Result "1-0"]
[WhiteTitle "GM"]
[BlackTitle "FM"]
[WhiteElo "2493"]
[BlackElo "2209"]
[WhiteFideId "13300016"]
[BlackFideId "4602439"]
[EventDate "2023.10.25"]

1. d4 d5 2. c4 e6 3. Nc3 Nf6 4. Bg5 Be7 5. e3 Nbd7 6. Nf3 O-O 7. Rc1 c6 8. Bd3
b6 9. cxd5 exd5 10. O-O Bb7 11. Qc2 g6 12. Rfd1 Re8 13. a3 a5 14. Na4 Kg7 15.
Nd2 Nh5 16. Bxe7 Qxe7 17. Re1 f5 18. f4 Nhf6 19. Nf3 Rec8 20. Qb3 Ba6 21. Bxa6
Rxa6 22. Ne5 Qd6 23. Rc2 c5 24. Rec1 c4 25. Qb5 Ra7 26. Ra1 Ne8 27. Nxd7 Nc7 28.
Qxb6 Qxd7 29. Qxa7 Qxa4 30. Qb7 Qxc2 31. Qxc8 Qxb2 32. Qxc7+ Kh6 33. Rf1 Qxa3
34. Re1 Qc3 35. Kf2 a4 36. h3 a3 37. Re2 Qb3 38. Qe7 c3 39. g4 1-0

[Event "31st World Senior 65+"]
[Site "Citta del Mare ITA"]
[Date "2023.10.29"]
[Round "5.6"]
[White "Ftacnik, Lubomir"]
[Black "Halafov, Ilgar"]
[Result "1/2-1/2"]
[WhiteTitle "GM"]
[WhiteElo "2451"]
[BlackElo "2196"]
[WhiteFideId "14900017"]
[BlackFideId "13401025"]
[EventDate "2023.10.25"]

1. d4 Nf6 2. Nf3 g6 3. c4 Bg7 4. Nc3 d6 5. e4 O-O 6. Be2 e5 7. O-O Nc6 8. d5 Ne7
9. b4 Nh5 10. Re1 a5 11. bxa5 Rxa5 12. a4 Nf4 13. Bf1 f5 14. Ra3 h6 15. exf5
Bxf5 16. Bxf4 exf4 17. Qd2 g5 18. Nb5 Ra8 19. Nbd4 Qd7 20. Ne6 Bxe6 21. Rxe6 Nf5
22. Qc2 Rae8 23. Rxe8 Qxe8 24. h3 Nd4 25. Nxd4 Bxd4 26. Qd3 Be5 27. a5 f3 28. g3
Kg7 29. Qe4 Qg6 30. Bd3 Qxe4 31. Bxe4 Bd4 32. Bxf3 Bc5 33. Rb3 b6 34. axb6 Bxb6
35. Kg2 Re8 36. Rb1 Kg6 37. Rc1 Kf6 38. Rc2 Re1 39. Bg4 Kg6 40. Be2 h5 41. Bd3+
Kf6 42. Re2 Rxe2 43. Bxe2 h4 44. gxh4 gxh4 45. f4 Ba5 46. Kf3 Be1 47. Kg4 Bf2
48. Bd3 1/2-1/2

[Event "31st World Senior 65+"]
[Site "Citta del Mare ITA"]
[Date "2023.10.29"]
[Round "5.7"]
[White "Petran, Peter"]
[Black "Knaak, Rainer"]
[Result "1/2-1/2"]
[WhiteTitle "IM"]
[BlackTitle "GM"]
[WhiteElo "2192"]
[BlackElo "2451"]
[WhiteFideId "14900114"]
[BlackFideId "4611250"]
[EventDate "2023.10.25"]

1. g3 d5 2. Bg2 e5 3. d3 c5 4. Nc3 d4 5. Nd5 Ne7 6. c4 Nxd5 7. cxd5 Bd6 8. e4
O-O 9. Nf3 f5 10. exf5 Bxf5 11. Ng5 Na6 12. O-O Nc7 13. Ne4 Kh8 14. Qb3 Bxe4 15.
Bxe4 b6 16. a4 Qd7 17. Bg2 Rf6 18. Bg5 Rf7 19. Rae1 Raf8 20. h4 h6 21. Bd2 Rf6
22. Re2 Qf7 23. Be4 Qh5 24. Ree1 Qf7 25. Re2 Kg8 26. f3 Be7 27. g4 Rd6 28. g5
Nxd5 29. gxh6 Nf6 30. Qxf7+ Kxf7 31. hxg7 Rg8 32. f4 Rxg7+ 33. Rg2 Rxg2+ 34.
Kxg2 exf4 35. Bxf4 Rd8 36. Bg5 Kg7 37. Bxf6+ 1/2-1/2

[Event "31st World Senior 65+"]
[Site "Citta del Mare ITA"]
[Date "2023.10.29"]
[Round "5.8"]
[White "Jansa, Vlastimil"]
[Black "Wengholm, Anders"]
[Result "1-0"]
[WhiteTitle "GM"]
[WhiteElo "2358"]
[BlackElo "2142"]
[WhiteFideId "300128"]
[BlackFideId "1704818"]
[EventDate "2023.10.25"]

1. e4 c5 2. Nf3 e6 3. Nc3 a6 4. d4 cxd4 5. Nxd4 d6 6. Bd3 Nf6 7. f4 Nc6 8. Nxc6
bxc6 9. O-O Be7 10. Qe2 e5 11. Kh1 exf4 12. Bxf4 Ng4 13. Bc4 O-O 14. Rad1 Qc7
15. Rd3 Ne5 16. Bxe5 dxe5 17. Nd1 Be6 18. Rdf3 a5 19. Ne3 Rad8 20. Nf5 Bxf5 21.
Rxf5 Bf6 22. g4 Rd7 23. g5 Bd8 24. h4 g6 25. R5f3 Kg7 26. Be6 Re7 27. Bb3 Rd7
28. Qc4 h6 29. gxh6+ Kxh6 30. Qc5 Kg7 31. h5 Bg5 32. Rg1 Bf4 33. Rxf4 exf4 34.
h6+ Kg8 35. Rxg6+ 1-0

[Event "31st World Senior 65+"]
[Site "Citta del Mare ITA"]
[Date "2023.10.29"]
[Round "5.9"]
[White "Meulders, Richard"]
[Black "Chapman, Terry P D"]
[Result "0-1"]
[WhiteTitle "FM"]
[BlackTitle "FM"]
[WhiteElo "2134"]
[BlackElo "2284"]
[WhiteFideId "200123"]
[BlackFideId "413399"]
[EventDate "2023.10.25"]

1. Nf3 d5 2. b3 c5 3. e3 Nf6 4. Bb2 e6 5. g3 Be7 6. Bg2 O-O 7. O-O b6 8. d4 Bb7
9. Nbd2 cxd4 10. exd4 Nc6 11. a3 Rc8 12. Re1 Qc7 13. c4 dxc4 14. bxc4 Na5 15.
Rc1 Rfe8 16. Ne5 Bxg2 17. Kxg2 Qb7+ 18. Qf3 Qxf3+ 19. Kxf3 Rc7 20. Bc3 Nc6 21.
Nxc6 Rxc6 22. Bb4 Bf8 23. Bxf8 Kxf8 24. h3 Rec8 25. Rb1 Ne8 26. Rec1 Nd6 27. Rb4
Ke7 28. Ra4 a5 29. c5 bxc5 30. Rxa5 cxd4 31. Ra7+ Kf6 32. Rxc6 Rxc6 33. Ne4+
Nxe4 34. Kxe4 Rd6 35. Kd3 e5 36. f3 Ke6 37. Kd2 g6 38. a4 f5 39. a5 e4 40. fxe4
fxe4 41. Rb7 Kd5 42. Rb5+ Kc4 43. Rb6 Rd5 44. a6 Ra5 45. Rc6+ Kd5 0-1

[Event "31st World Senior 65+"]
[Site "Citta del Mare ITA"]
[Date "2023.10.29"]
[Round "5.11"]
[White "Roos, Louis"]
[Black "Koehler, Gerhard2"]
[Result "1-0"]
[WhiteTitle "IM"]
[WhiteElo "2257"]
[BlackElo "2183"]
[WhiteFideId "600288"]
[BlackFideId "12909700"]
[EventDate "2023.10.25"]

1. d4 Nf6 2. Nf3 d6 3. g3 g6 4. Bg2 Bg7 5. O-O O-O 6. Re1 Nbd7 7. e4 e5 8. c3
Re8 9. Nbd2 Bf8 10. Qc2 c6 11. a4 a5 12. b3 Qc7 13. Ba3 d5 14. Bxf8 Kxf8 15.
exd5 cxd5 16. dxe5 Nxe5 17. Nxe5 Rxe5 18. Rxe5 Qxe5 19. Nf3 Qh5 20. Qd3 Bg4 21.
Qd4 Bxf3 22. Qxf6 Bxg2 23. Qh8+ Ke7 24. Qxa8 Be4 25. Qxb7+ Kf8 26. Qb8+ Kg7 27.
Qf4 g5 28. g4 Qh6 29. Qe5+ Kf8 30. Re1 Qb6 31. Qd4 1-0

[Event "31st World Senior 65+"]
[Site "Citta del Mare ITA"]
[Date "2023.10.29"]
[Round "5.12"]
[White "Klimaszewski, Dariusz"]
[Black "Rooze, Jan"]
[Result "0-1"]
[WhiteTitle "FM"]
[BlackTitle "IM"]
[WhiteElo "2081"]
[BlackElo "2245"]
[WhiteFideId "1102257"]
[BlackFideId "200050"]
[EventDate "2023.10.25"]

1. e4 c5 2. Nf3 e6 3. d3 Nc6 4. g3 Nf6 5. Bg2 Be7 6. O-O O-O 7. Re1 d6 8. c3 Bd7
9. Nbd2 Rc8 10. Nf1 b5 11. d4 cxd4 12. Nxd4 Qb6 13. Be3 Qb8 14. Nd2 Ne5 15. h3
Nd3 16. Re2 Nxb2 17. Qb3 Na4 18. Rc1 Rfd8 19. Ree1 Rc7 20. Bf1 a6 21. c4 Rdc8
22. Rb1 Nc5 23. Qb2 Nfxe4 24. Nxe4 Nxe4 25. cxb5 axb5 26. Bxb5 Nc3 27. a4 Nxb1
28. Qxb1 Bf6 29. Bxd7 Rxd7 30. a5 Qa8 31. Qb5 Rb7 32. Qa4 Qa6 33. Kh2 h6 34. Rd1
d5 35. Nf3 Rb5 36. Qg4 Rc4 0-1

[Event "31st World Senior 65+"]
[Site "Citta del Mare ITA"]
[Date "2023.10.29"]
[Round "5.13"]
[White "Reprintsev, Alexander"]
[Black "Furman, Boris"]
[Result "1-0"]
[WhiteTitle "IM"]
[BlackTitle "FM"]
[WhiteElo "2227"]
[BlackElo "2134"]
[WhiteFideId "14100541"]
[BlackFideId "4107187"]
[EventDate "2023.10.25"]

1. e4 c5 2. Nf3 Nc6 3. d4 cxd4 4. Nxd4 Nf6 5. Nc3 d6 6. g3 g6 7. Bg2 Bg7 8. h3
Bd7 9. Be3 O-O 10. O-O a6 11. Nd5 Nxd5 12. exd5 Nxd4 13. Bxd4 Bxd4 14. Qxd4 Rc8
15. c3 b5 16. Rfe1 Re8 17. Re3 Rc4 18. Qd2 Bc8 19. Rae1 Bb7 20. b3 Rc7 21. h4 h5
22. g4 hxg4 23. h5 gxh5 24. Re6 f6 25. Qh6 Rf8 26. Qg6+ Kh8 27. Be4 1-0

[Event "31st World Senior 65+"]
[Site "Citta del Mare ITA"]
[Date "2023.10.29"]
[Round "5.14"]
[White "Shnaider, David"]
[Black "Giacomini, Hector"]
[Result "1/2-1/2"]
[WhiteElo "2224"]
[BlackElo "2127"]
[WhiteFideId "4106482"]
[BlackFideId "605352"]
[EventDate "2023.10.25"]

1. e4 c6 2. d3 d5 3. Nd2 e5 4. Ngf3 Bd6 5. g3 Nf6 6. Bg2 O-O 7. O-O Bc7 8. Qe2
Re8 9. Rd1 d4 10. h3 c5 11. Nh4 Nc6 12. Ndf3 Rb8 13. Nh2 b5 14. Rf1 c4 15. Ng4
Nxg4 16. hxg4 cxd3 17. cxd3 f6 18. Nf5 g6 19. Nh4 Bd6 20. Bf3 Be6 21. Bh6 Rc8
22. Rfc1 Re7 23. g5 Rec7 24. Bg4 Qe7 25. Bxe6+ Qxe6 26. gxf6 Qxf6 27. Qg4 Bf8
28. Bg5 Qf7 29. Bd2 Ne7 30. b3 Qf6 1/2-1/2